000 00663cam a22002413a 4500
001 12110
003 PGUSA
005 20140828083245.0
008 040401s2004||||xxu|||||s|||||000 | eng d
040 _aPGUSA
_beng
042 _adc
050 4 _aPR
100 1 _aBeaumont, Francis,
_d1584-1616
245 1 4 _aThe Scornful Lady
_h[electronic resource] /
_cFrancis Beaumont
260 _bProject Gutenberg,
_c2004
506 _aPublic domain in the USA.
516 _aElectronic text
653 _aComedies
653 _aEnglish drama -- 17th century
830 0 _aProject Gutenberg
_v12110
856 4 0 _uhttp://www.gutenberg.org/ebooks/12110
942 _cEB
999 _c241365
_d241365